000 00663nam a2200193Ia 4500
003 GCL
008 140319s9999 xx 000 0 ara d
040 _aGCL /
_cGCL
082 0 4 _aم
_b920.71962
_bا ش
100 1 _aاعضاء البرلمان المصرى
245 1 0 _aالشخصيات البارزة بالقطر المصرى دليل الطبقة الراقية /
_cاعضاء البرلمان المصرى
260 _a[S.N] :
_bدار الكتب المصرية ،
_c1941
300 _a396 ص
490 _aشكاوى المصرى الفصيح
_v0
650 0 4 _aمصر
650 0 4 _aتاريخ
650 0 4 _aرجال الدولة
942 _2ddc
_cREF
999 _c59400
_d59400